LEADER 03217nam 2200673Ia 450 001 9910451232503321 005 20200520144314.0 010 $a1-134-69164-5 010 $a1-280-05566-9 010 $a0-203-34474-X 035 $a(CKB)1000000000255144 035 $a(EBL)201270 035 $a(OCoLC)437062913 035 $a(SSID)ssj0000223919 035 $a(PQKBManifestationID)11187908 035 $a(PQKBTitleCode)TC0000223919 035 $a(PQKBWorkID)10206784 035 $a(PQKB)11629509 035 $a(MiAaPQ)EBC201270 035 $a(Au-PeEL)EBL201270 035 $a(CaPaEBR)ebr10164571 035 $a(CaONFJC)MIL5566 035 $a(EXLCZ)991000000000255144 100 $a19980717d1998 uy 0 101 0 $aeng 135 $aurcn||||||||| 181 $ctxt 182 $cc 183 $acr 200 14$aThe politics of Chinese language and culture$b[electronic resource] $ethe art of reading dragons /$fBob Hodge and Kam Louie 210 $aLondon ;$aNew York $cRoutledge$d1998 215 $a1 online resource (193 p.) 225 1 $aCulture and communication in Asia 300 $aDescription based upon print version of record. 311 $a0-415-17265-9 311 $a0-415-17266-7 320 $aIncludes bibliographical references (p. [173]-178) and index. 327 $aFront Cover; The Politics of Chinese Language and Culture; Copyright Page; Contents; List of figures; Series editor's foreword; Preface; 1. How to Read Dragons: the politics of understanding Chinese culture; 2.Reading style: interacting the Chinese way; 3. Writing and the ideological machine: Chinese characters and the construction of gender; 4. Grammar as ideology: critical linguistics and the politics of syntax; 5. Living with double-think: ambiguity in discourse and grammar; 6.The cult of the hero: masculinity and popular culture; 7.Breaking the square: film and representations of China 327 $aBibliographyIndex 330 $aAn innovative text which adopts the tools of cultural studies to provide a fresh approach to the study of Chinese language, culture and society. The book tackles areas such as grammar, language, gender, popular culture, film and the Chinese diaspora and employs the concepts of social semiotics to extend the ideas of language and reading. Covering a range of cultural texts, it will help to break down the boundaries around the ideas and identities of East and West and provide a more relevant analysis of the Chinese and China. 410 0$aCulture and communication in Asia. 606 $aChinese language$xPolitical aspects 606 $aChinese language$xSocial aspects 606 $aLanguage and culture$zChina 608 $aElectronic books. 615 0$aChinese language$xPolitical aspects. 615 0$aChinese language$xSocial aspects. 615 0$aLanguage and culture 676 $a306.0951 676 $a306.20951 700 $aHodge$b Bob$g(Robert Ian Vere)$0201357 701 $aLouie$b Kam$0641365 801 0$bMiAaPQ 801 1$bMiAaPQ 801 2$bMiAaPQ 906 $aBOOK 912 $a9910451232503321 996 $aThe politics of Chinese language and culture$91956728 997 $aUNINA LEADER 01217nam 2200373 450 001 9910704985603321 005 20131104154302.0 035 $a(CKB)5470000002445886 035 $a(OCoLC)862078810 035 $a(EXLCZ)995470000002445886 100 $a20131104d2013 ua 0 101 0 $aeng 135 $aurmn||||||||| 181 $2rdacontent 182 $2rdamedia 183 $2rdacarrier 200 10$aAviation $estatus of DOT's actions to address the Future of Aviation Advisory Committee's recommendations : report to congressional requesters 210 1$a[Washington, D.C.] :$cUnited States Government Accountability Office,$d2013. 215 $a1 online resource (iv, 76 pages) 300 $aTitle from title screen (viewed Oct. 31, 2013). 300 $a"July 2013." 300 $a"GAO-13-657." 320 $aIncludes bibliographical references. 517 $aAviation 606 $aAeronautics, Commercial$zUnited States$xPlanning 606 $aAeronautics$zUnited States 615 0$aAeronautics, Commercial$xPlanning. 615 0$aAeronautics 801 0$bGPO 801 1$bGPO 906 $aBOOK 912 $a9910704985603321 996 $aAviation$9799860 997 $aUNINA LEADER 05278nam 2200793 450 001 9910793549703321 005 20200106113320.0 010 $a1-5261-1998-6 024 7 $a10.7765/9781526119988 035 $a(CKB)4100000007987697 035 $a(MiAaPQ)EBC6371475 035 $a(UkMaJRU)992980040625701631 035 $a(DE-B1597)659254 035 $a(DE-B1597)9781526119988 035 $a(EXLCZ)994100000007987697 100 $a20200106h20192019 fy| 0 101 0 $aeng 135 $aur||#---||||| 181 $ctxt$2rdacontent 182 $cc$2rdamedia 183 $acr$2rdacarrier 200 10$aResilient reporting $emedia coverage of Irish elections since 1969 /$fMichael Breen, Michael Courtney, Iain McMenamin, Eoin O'Malley, Kevin Rafter 210 1$aManchester, UK :$cManchester University Press,$d2019. 210 4$dİ2019 215 $a1 online resource (x, 176 pages) $cillustrations; digital file(s) 311 $a1-5261-2000-3 311 $a1-5261-1997-8 320 $aIncludes bibliographical references and index. 327 $aList of figures -- List of tables -- List of authors -- Acknowledgements -- 1 Resilient reporting: An introduction -- 2 Ireland: political, economic, and media systems -- 3 The media and political change -- 4 The role of the economy in media coverage -- 5 Gender bias and Irish election coverage -- 6 Party leaders and personalisation of politics -- 7 Commercialism and election coverage -- 8 Economy and crisis coverage -- Conclusion -- Appendix 1: An overview of elections in Ireland since 1969 -- Appendix 2: Data and methodology -- References -- Index 330 $aThis book examines how election news reporting has changed over the last half century in Ireland by means of a unique dataset involving 25m words from newspapers as well as radio and television coverage. The authors examine reporting in terms of framing, tone and the distribution of coverage.They also focus on how the economy has affected election coverage as well as media reporting of leaders and personalities, gender and the effect of the commercial basis of media outlets. The findings - drawn from a machine learning computer system involving a huge content analysis study - will interest academics as well as politicians and policymakers internationally. 330 8 $a"Media hostility towards politicians and the political system, and its impact on democracy, has long attracted the interest of scholars of political communication. It is also the subject of political discourse and rhetoric, with the media attracting the ire of political leaders around the globe: Donald Trump, for one, has repeatedly called journalists 'the worst people in the world.' Trump is not the first, nor will he be the last, leader to seek to focus our attention on the role of the media in electoral politics. Resilient reporting examines how election news reporting has changed over the last half-century in Ireland by means of a unique dataset involving 25 million words from newspapers, as well as radio and television coverage. In a timely and revealing study, the authors examine reporting in terms of framing, tone, and the distribution of coverage. They also focus on how the economy has affected election coverage as well as media reporting of leaders and personalities, gender, and the effect of the commercial basis of media outlets. The authors evaluate three broad hypotheses about Ireland's election coverage since 1969: the extent to which the norms of critical impartiality have survived, whether the media has shifted towards hypercritical infotainment , and the extent to which content has been influenced by exogenous factors - that is, political, social, and economic factors outside the media itself. The findings, which are drawn from a machine-learning computer system involving a huge content analysis study, will interest academics as well as politicians and policymakers internationally." --Back cover. 606 $aElections$xPress coverage$zIreland 606 $aPress and politics$zIreland 606 $aCommunication in politics$zIreland 606 $aPolitics$2mup 606 $aMedia, Information & Communication Industries$2bicssc 606 $aPOLITICAL SCIENCE / General$2bisach 610 $aCampaigns. 610 $aCommunications Reporting. 610 $aCommunications. 610 $aEconomy. 610 $aElection. 610 $aElections. 610 $aGame. 610 $aGender. 610 $aImpartiality. 610 $aInfotainment. 610 $aIreland. 610 $aLeaders. 610 $aLeadership. 610 $aMedia. 610 $aPolitical. 615 0$aElections$xPress coverage 615 0$aPress and politics 615 0$aCommunication in politics 615 7$aPolitics 615 7$aMedia, Information & Communication Industries 615 7$aPOLITICAL SCIENCE / General 676 $a324.94170824 700 $aBreen$b Michael$f1983-$01565050 702 $aCourtney$b Michael 702 $aMcMenamin$b Iain 702 $aO'Malley$b Eoin$f1973- 702 $aRafter$b Kevin 801 2$bUkMaJRU 906 $aBOOK 912 $a9910793549703321 996 $aResilient reporting$93834372 997 $aUNINA